Indonesia

Bibliographic Details
Main Authors: Fryer, Donald W. (Author), Jackson, James C. (Author)
Format: Book
Language:English
Published: London : Ernest Benn Limited 1977
Series:Nations of the modern world
Subjects:

MARC

LEADER 00000cam a2200000 7i4500
001 0000000180
005 20240919.0
008 231124 enk eng
020 |a 057039003X (hbk) 
040 |a INS   |b eng   |e rda 
090 0 0 |a DS615   |b .F79 1977 
100 1 |a Fryer, Donald W. ,   |e author 
245 1 0 |a Indonesia   |c by Donald W. Fryer and James C. Jackson 
264 1 |a London :   |b Ernest Benn Limited   |c 1977 
300 |a xxii, 313 pages :   |b illustrations, some photographs, map ;   |c 23 cm. 
336 |a text  |2 rdacontent 
337 |a unmediated  |2 rdamedia 
338 |a volume  |2 rdacarrier 
490 0 |a Nations of the modern world 
504 |a Includes bibliographical references and index 
651 0 |a Indonesia   |x History 
651 0 |a Indonesia   |x Politics and government 
700 1 |a Jackson, James C. ,   |e author 
999 |a 0000002353   |b BOOK   |c Open Shelf   |e Default branch